000 01303nam a22002297a 4500
999 _c61520
_d61520
003 Ge_BSU
005 20240321124356.0
008 240321s2020ge xxu||||| |||| 00| 0 geo d
020 _a9789941484964
041 _ageo
080 _a070.22(479.22) გ-15
245 _aგაზეთ ”ინდუსტრიული ქუთაისის” ანალიტიკური ბიბლიოგრაფია, 1941-1942 წწ. /
_cრედ. რიტა წაქაძე ; დიზაინი გელა ღაჭავა.
264 _aქუთაისი :
_bკაკი წერეთლის სახელმწ. უნივერსიტეტის გამომცემლობა,
_c2020.
300 _a844 გვ. ;
_b29,5 სმ.
653 _aქართული გაზეთები.
653 _a ანალიტიკური ბიბლიოგრაფია
700 _aწაქაძე, რიტა
_eრედაქტორი
_913355
700 _aღაჭავა, გელა
_eდიზაინი
_921513
710 _aქუთაისის ილია ჭავჭავაძის სახ. საჯარო ბიბლიოთეკა
_921514
773 _tნაჩუქარი
942 _2udc
_cBK